000
00287nam a2200121Ia 4500
008
230901s2011 xx 000 0 und d
041
_a
eng
082
_a
610.153/SHA
100
_a
SURESH K.SHARMA
245
_a
BIOPHYSICS IN NURSING
260
_b
JAYPEE BROTHERS,
_c
2011
300
_a
180
999
_c
866649
_d
866649